000 00922nam a2200253Ia 4500
001 10510
003 GE_BSU
008 181216s||||||||xx |||||||||||||| ||und||
020 _a9789941129230
040 _cGE_BSU
080 _a339.188.4:656.073
100 _aხარიტონაშვილი,ვ.
245 _aსატრანსპორტო ლოგისტიკა
245 _bსახელმძღვ.ტრანსპორტის სპეც.სტუდ.
260 _aთბილისი
260 _bუნივერსალი
260 _c2010
300 _a132გვ;20სმ.
300 _bბიბლიოგრ:გვ.131
520 _aნახ.ცხრ.
541 _h12ლ.
653 _aსატრანსპორტო ლოგისტიკა.სახელმძღვ.ტრანსპორტის სპეც.სტუდ.
942 _cBK
999 _c43765
_d43765